Effective advertising : understanding when, how, and why advertising works /

Podrobná bibliografie
Hlavní autor: Tellis, Gerard J., 1950-
Médium: Kniha
Jazyk:English
Vydáno: Thousand Oaks, Calif. ; New Delhi: Sage Publications; Response Books, c2004.
Témata:
Classic Catalogue: View this record in Classic Catalogue
LEADER 01148nam a2200265 a 4500
001 13276402
003 BD-DhAAL
005 20251118124057.0
008 090619s2004 caua b 001 0 eng d
010 |a  2003016016 
020 |a 8178293706 
040 |a DLC  |c DLC  |d DLC  |d BD-DhAAL 
082 0 0 |a 659.1  |2 22 
100 1 |a Tellis, Gerard J.,  |d 1950-  |9 59850 
245 1 0 |a Effective advertising :  |b understanding when, how, and why advertising works /  |c by Gerard J. Tellis. 
260 |a Thousand Oaks, Calif. ;  |a New Delhi:  |b Sage Publications;  |b Response Books,  |c c2004. 
300 |a 203 pages :  |b illustrations ;  |c 24 cm. 
504 |a Includes bibliographical references and index. 
541 1 |e 00013179 
650 0 |a Advertising. 
650 0 |a Consumers  |x Attitudes.  |9 59851 
852 4 |a Ayesha Abed Library  |j General Shelf. 
942 |2 ddc  |c BK 
999 |c 2066  |d 2066 
952 |0 0  |1 0  |2 ddc  |4 0  |6 659_100000000000000_TEL  |7 0  |9 1900  |a BRACUL  |b BRACUL  |c GEN  |d 2009-07-07  |g 0.00  |l 1  |m 14  |o 659.1 TEL  |p 3010013179  |r 2013-05-07  |s 2013-02-01  |t 1  |w 2009-07-07  |y BK  |x Koha Inventory 2020 ; Previously missing book recovered on 18 November 2025 ; No price found in the accession register.